000 00776nam a2200241Ia 4500
003 OSt
005 20220930192603.0
006 a|||||r|||| 00| 0
007 ta
008 220926b |||||||| |||| 00| 0 eng d
024 _a10351
037 _cDissertations
040 _aCRL
_cCRL
_beng
041 _2eng
_aeng
100 _aKuriakose Thekkedam John
_9561361
110 _aUniversity of Delhi. Faculty of Arts. Department of Psychology
_9169788
245 0 _aStudy on the relationship between stimulus emotionality and perceptual threshold in adults
260 _c1970
650 _aPSYCHOLOGY
700 _aUniversity of Delhi. Faculty of Arts. Department of Psychology
_9169789
942 _cDIS
_2CC
999 _c895355
_d895355